[Event "Scarborough CC-ch"]
[Site "Toronto CAN"]
[Date "2019.05.09"]
[Round "6.7"]
[White "Manalo, Pepin"]
[Black "Ning, Eric"]
[Result "0-1"]
[WhiteElo "1995"]
[BlackElo "2162"]
[PlyCount "134"]
[EventDate "2019.04.04"]
[EventType "swiss"]
[EventRounds "8"]
[EventCountry "CAN"]

1. d4 Nf6 2. Nf3 g6 3. Nc3 d5 4. e3 Bg7 5. Bd3 O-O 6. b3 Nbd7 7. Bb2 b6 8. O-O
Bb7 9. Ne5 c5 10. f4 Rc8 11. Qe2 Ne4 12. Nxe4 dxe4 13. Bc4 Qc7 14. Rf2 e6 15.
Rd1 Nxe5 16. fxe5 Rcd8 17. Rdf1 Rd7 18. c3 Bc6 19. a4 Bd5 20. Bb5 Bxb3 21. Bxd7
Qxd7 22. a5 Qd5 23. Ra1 Bc4 24. Qg4 b5 25. Ba3 b4 26. cxb4 cxd4 27. exd4 Qxd4
28. Bb2 Qd3 29. Qd1 e3 30. Rf3 Qxd1+ 31. Rxd1 e2 32. Re1 Rd8 33. Kf2 Bh6 34.
Bc3 Bd2 35. Rxe2 Bxe2 36. Kxe2 Bxc3 37. Rxc3 Rd4 38. Rc8+ Kg7 39. Rb8 Re4+ 40.
Kd3 Rxe5 41. b5 a6 42. Kc4 axb5+ 43. Rxb5 Re4+ 44. Kc5 Ra4 45. Kb6 Kf6 46. a6
e5 47. Ra5 Rb4+ 48. Kc5 Rb8 49. a7 Ra8 50. g4 Kg5 51. h3 Kf4 52. Ra4+ e4 53.
Kd5 f5 54. gxf5 gxf5 55. Ke6 Kf3 56. Kxf5 e3 57. Rf4+ Ke2 58. Rg4 Kf2 59. Rf4+
Ke1 60. Ra4 e2 61. Kg4 Kf2 62. Rf4+ Ke3 63. Rf3+ Kd2 64. Rf2 Kd1 65. Rf7 e1=Q
66. Kg5 Qe5+ 67. Rf5 Rg8+ 0-1

[Event "Scarborough CC-ch"]
[Site "Toronto CAN"]
[Date "2019.05.09"]
[Round "6.8"]
[White "Liu, Harry"]
[Black "Tavana, Joseph"]
[Result "1/2-1/2"]
[WhiteElo "1721"]
[BlackElo "1814"]
[PlyCount "92"]
[EventDate "2019.04.04"]
[EventType "swiss"]
[EventRounds "8"]
[EventCountry "CAN"]

1. e4 c5 2. Nf3 g6 3. c3 d5 4. exd5 Qxd5 5. d4 Nc6 6. Be3 cxd4 7. cxd4 Bg7 8.
Nc3 Qa5 9. Be2 Nf6 10. O-O O-O 11. h3 Rd8 12. Qc1 h5 13. Rd1 Be6 14. a3 Rac8
15. b4 Nxb4 16. axb4 Qxb4 17. Bd2 a5 18. Qa3 Qxa3 19. Rxa3 b6 20. Rb1 Rd6 21.
Nb5 Rd7 22. Ne5 Rb7 23. Rc1 Nd5 24. Rxc8+ Bxc8 25. Bf3 e6 26. Nc3 Bxe5 27. dxe5
Rd7 28. Ne4 Ba6 29. Be3 Rd8 30. Nd6 Nxe3 31. fxe3 Kf8 32. Be4 f5 33. Bd3 Bxd3
34. Rxd3 b5 35. Ra3 a4 36. Nxb5 Rd5 37. Nd4 Rxe5 38. Kf2 Kf7 39. Rxa4 Re4 40.
Ra7+ Kf6 41. Ra6 f4 42. Rxe6+ Rxe6 43. Nxe6 fxe3+ 44. Kxe3 Kxe6 45. Kf4 Kf6 46.
h4 Kg7 1/2-1/2

[Event "Scarborough CC-ch"]
[Site "Toronto CAN"]
[Date "2019.05.09"]
[Round "6.9"]
[White "Mendoza, Armand Jess"]
[Black "Huang, Youhe"]
[Result "0-1"]
[WhiteElo "2005"]
[BlackElo "1982"]
[PlyCount "68"]
[EventDate "2019.04.04"]
[EventType "swiss"]
[EventRounds "8"]
[EventCountry "CAN"]

1. d4 Nf6 2. Nf3 c5 3. e3 Nc6 4. Nbd2 e6 5. b3 cxd4 6. exd4 b6 7. Bb2 Bb7 8.
Bd3 d5 9. O-O Rc8 10. a3 Bd6 11. Ne5 O-O 12. f4 Qc7 13. Qf3 Ne7 14. g4 Ne4 15.
Qh3 Ng6 16. Rad1 f6 17. Nxg6 hxg6 18. f5 exf5 19. gxf5 g5 20. Nxe4 dxe4 21.
Bc4+ Rf7 22. Qh5 Kf8 23. Bxf7 Qxf7 24. Qe2 e3 25. c4 Re8 26. d5 Bf4 27. Bd4 Bc8
28. Rde1 Re4 29. Rd1 Qc7 30. d6 Qxd6 31. Bc3 Bxh2+ 32. Kh1 Qc7 33. Qd3 Bb7 34.
Qd8+ Re8+ 0-1

[Event "Scarborough CC-ch"]
[Site "Toronto CAN"]
[Date "2019.05.09"]
[Round "6.10"]
[White "Leblanc, Miguel"]
[Black "Zheng, Kevin"]
[Result "0-1"]
[WhiteElo "1931"]
[BlackElo "1908"]
[PlyCount "100"]
[EventDate "2019.04.04"]
[EventType "swiss"]
[EventRounds "8"]
[EventCountry "CAN"]

1. d4 Nf6 2. Bf4 g6 3. Nc3 d5 4. e3 Bg7 5. h4 h5 6. Bd3 c5 7. Nf3 Bg4 8. a3 Nc6
9. Bb5 Ne4 10. Bxc6+ bxc6 11. Ne2 Qb6 12. Rb1 cxd4 13. exd4 Nd6 14. Bxd6 exd6
15. Qd3 Bxf3 16. gxf3 O-O 17. c3 Rae8 18. f4 Re4 19. f3 Re7 20. Rg1 Rfe8 21.
Rg2 Re3 22. Qc2 Qd8 23. Kd2 Qxh4 24. Rbg1 Rxf3 25. Kd1 Rf2 26. Rxf2 Qxf2 27.
Re1 h4 28. Qd3 Re3 29. Qa6 h3 30. Qc8+ Kh7 31. Qxc6 h2 32. Qxd5 Rd3+ 33. Kc2
Qxe1 34. Kxd3 h1=Q 35. Qxh1+ Qxh1 36. b4 Bh6 37. a4 Bxf4 38. Nxf4 Qf3+ 39. Kc4
Qxf4 40. Kd5 Qf3+ 41. Kc4 g5 42. a5 a6 43. b5 Qe2+ 44. Kd5 Qxb5+ 45. Kxd6 g4
46. Ke7 g3 47. Kf8 g2 48. d5 Qd7 49. d6 g1=Q 50. c4 Qg8# 0-1

[Event "Scarborough CC-ch"]
[Site "Toronto CAN"]
[Date "2019.05.16"]
[Round "7.1"]
[White "La Manna, Andrea"]
[Black "Palacios, Bobby"]
[Result "1-0"]
[WhiteElo "2312"]
[BlackElo "2066"]
[PlyCount "87"]
[EventDate "2019.04.04"]
[EventType "swiss"]
[EventRounds "8"]
[EventCountry "CAN"]

1. d4 d5 2. c4 dxc4 3. e4 e5 4. Nf3 exd4 5. Bxc4 Bb4+ 6. Nbd2 Nc6 7. O-O Nf6 8.
e5 Nd5 9. a3 Be7 10. b4 O-O 11. Nb3 Bg4 12. Re1 a6 13. Bb2 Nb6 14. Bd3 Na4 15.
Bxd4 Nxd4 16. Nbxd4 Nb6 17. Qe2 Be6 18. Nxe6 fxe6 19. Qe4 g6 20. Rad1 Nd5 21.
Qg4 Kg7 22. Nd4 Nf4 23. Re4 h5 24. Nxe6+ Nxe6 25. Qxe6 Qe8 26. Bc2 Rxf2 27. Rd7
Rf7 28. Bb3 Kh6 29. Rxc7 Rg7 30. Rc3 Rd8 31. Re1 Rd2 32. Kh1 Rd8 33. Qc4 Bd6
34. Qf4+ Kh7 35. Rce3 Bc7 36. Qe4 Bb6 37. Rf3 Rd4 38. Qe2 Qd7 39. Rf6 Qc7 40.
Bc2 Qd8 41. Qxh5+ Kg8 42. Bb3+ Rd5 43. Qh3 Rgd7 44. Rxg6+ 1-0

[Event "Scarborough CC-ch"]
[Site "Toronto CAN"]
[Date "2019.05.16"]
[Round "7.2"]
[White "Southam, David"]
[Black "Lawless, David"]
[Result "1-0"]
[WhiteElo "2179"]
[BlackElo "1997"]
[PlyCount "97"]
[EventDate "2019.04.04"]
[EventType "swiss"]
[EventRounds "8"]
[EventCountry "CAN"]

1. d4 Nf6 2. c4 g6 3. Nc3 Bg7 4. e4 O-O 5. f3 d6 6. Bg5 Nc6 7. d5 Ne5 8. Qd2
Re8 9. f4 Ned7 10. Bd3 e6 11. O-O-O exd5 12. exd5 c6 13. Nf3 Qa5 14. Bb1 Nc5
15. Nd4 Qc7 16. Rde1 Bd7 17. Bc2 a5 18. h3 a4 19. g4 Qa5 20. Rxe8+ Rxe8 21. Rd1
Qb4 22. dxc6 bxc6 23. Nxa4 Qxc4 24. Nxc5 Qxc5 25. Nb3 Qa7 26. Qd4 c5 27. Qxd6
Re6 28. Qxc5 Qxa2 29. Qa3 Qxa3 30. bxa3 Be8 31. Rd8 Kf8 32. Nd4 Re3 33. a4 h6
34. Bh4 Rxh3 35. Be1 Nxg4 36. Bb4+ Kg8 37. Rxe8+ Kh7 38. Nc6 Ne3 39. Be4 Rh4
40. Bd2 Nf1 41. a5 Nxd2 42. Kxd2 f5 43. Bc2 Rxf4 44. a6 Rf2+ 45. Kd3 Rf3+ 46.
Re3 Rf1 47. a7 Ra1 48. Re1 Ra3+ 49. Ke2 1-0

[Event "Scarborough CC-ch"]
[Site "Toronto CAN"]
[Date "2019.05.16"]
[Round "7.3"]
[White "Mao, Fengxi"]
[Black "Xu, Jeffrey"]
[Result "1/2-1/2"]
[WhiteElo "2098"]
[BlackElo "2268"]
[PlyCount "53"]
[EventDate "2019.04.04"]
[EventType "swiss"]
[EventRounds "8"]
[EventCountry "CAN"]

1. e4 e6 2. d4 d5 3. Nd2 Be7 4. c3 c5 5. dxc5 Bxc5 6. Bd3 Nf6 7. Qe2 Nc6 8.
Ngf3 O-O 9. O-O Re8 10. e5 Nd7 11. Nb3 Be7 12. Bf4 f5 13. exf6 Bxf6 14. Bc2 a5
15. a4 e5 16. Be3 Nf8 17. Rad1 e4 18. Nfd4 Ne5 19. Qb5 Nc4 20. Ne2 Nxb2 21.
Rxd5 Bd7 22. Qxb7 Rb8 23. Qa7 Ra8 24. Qb7 Rb8 25. Qa7 Ra8 26. Qb7 Rb8 27. Qa7
1/2-1/2

[Event "Scarborough CC-ch"]
[Site "Toronto CAN"]
[Date "2019.05.16"]
[Round "7.4"]
[White "Hay, Jonathan"]
[Black "Xie, Austin"]
[Result "0-1"]
[WhiteElo "2051"]
[BlackElo "1750"]
[PlyCount "58"]
[EventDate "2019.04.04"]
[EventType "swiss"]
[EventRounds "8"]
[EventCountry "CAN"]

1. d4 d5 2. Bf4 Bf5 3. e3 c5 4. dxc5 Nc6 5. Bb5 e6 6. b4 a5 7. c3 Qf6 8. Nf3
axb4 9. Ne5 bxc3 10. Nxc3 Nge7 11. g4 g5 12. Bg3 Bg6 13. e4 Rd8 14. exd5 exd5
15. Ne2 Bg7 16. Nd4 O-O 17. Bxc6 Nxc6 18. Ndxc6 bxc6 19. O-O Rfe8 20. Re1 Be4
21. Rc1 Rxe5 22. Bxe5 Qxe5 23. f3 Qd4+ 24. Kg2 Bd3 25. Qb3 Bc4 26. Qb6 Ra8 27.
Qxc6 Rxa2+ 28. Kh3 Qf4 29. Re8+ Bf8 0-1

[Event "Scarborough CC-ch"]
[Site "Toronto CAN"]
[Date "2019.05.16"]
[Round "7.5"]
[White "Zhao, Jeffrey R"]
[Black "Leblanc, Miguel"]
[Result "1-0"]
[WhiteElo "2076"]
[BlackElo "1931"]
[PlyCount "117"]
[EventDate "2019.04.04"]
[EventType "swiss"]
[EventRounds "8"]
[EventCountry "CAN"]

1. e4 e5 2. Nf3 Nf6 3. Nxe5 d6 4. Nf3 Nxe4 5. Nc3 Nxc3 6. dxc3 Be7 7. Be3 Be6
8. Qd2 Nc6 9. Bd3 h6 10. a3 Qd7 11. Bf4 Bf6 12. O-O O-O 13. Bxh6 Ne5 14. Nxe5
dxe5 15. Bg5 Bxg5 16. Qxg5 f5 17. Rad1 Qc6 18. Rfe1 e4 19. Bf1 Qb6 20. b3 Rae8
21. Qe3 Qxe3 22. Rxe3 c6 23. Rd6 Bc8 24. Bc4+ Rf7 25. f3 Kf8 26. Bxf7 Kxf7 27.
Rd4 exf3 28. Rxe8 Kxe8 29. gxf3 g5 30. f4 g4 31. Rd6 Ke7 32. Rh6 Be6 33. b4 Kd6
34. Kf2 b5 35. Ke3 Kd5 36. Kd3 a6 37. Rh8 c5 38. Ra8 c4+ 39. Ke3 Bd7 40. Rxa6
Bc6 41. Ra7 Ke6 42. Kd4 Be4 43. Ra6+ Ke7 44. Kc5 Bxc2 45. Kxb5 Bd1 46. Ra7+ Kd6
47. Kxc4 Be2+ 48. Kd4 Bf3 49. b5 Be4 50. c4 Bb7 51. Rxb7 Ke6 52. c5 Kf6 53. c6
Ke6 54. c7 Kd7 55. b6 Kc8 56. Rb8+ Kd7 57. c8=Q+ Kd6 58. Qc7+ Ke6 59. Re8+ 1-0

[Event "Scarborough CC-ch"]
[Site "Toronto CAN"]
[Date "2019.05.16"]
[Round "7.6"]
[White "Guo, Josh"]
[Black "Huang, Youhe"]
[Result "1/2-1/2"]
[WhiteElo "2278"]
[BlackElo "1982"]
[PlyCount "129"]
[EventDate "2019.04.04"]
[EventType "swiss"]
[EventRounds "8"]
[EventCountry "CAN"]

1. e4 Nf6 2. e5 Nd5 3. Nc3 Nxc3 4. dxc3 Nc6 5. Bf4 d5 6. Qd2 Bf5 7. Nf3 e6 8.
Bb5 Qd7 9. Nh4 Bg4 10. h3 Bh5 11. g4 Bg6 12. O-O-O a6 13. Be2 Bc5 14. c4 d4 15.
Nxg6 hxg6 16. Kb1 O-O-O 17. Bd3 b6 18. Qe2 Kb7 19. Be4 Ka7 20. Bg2 Nb8 21. Qe4
c6 22. Bg5 Rdf8 23. c3 f5 24. exf6 gxf6 25. cxd4 Be7 26. Bf4 f5 27. gxf5 Rxf5
28. Bg3 Rd8 29. Rhe1 Rf6 30. d5 Bb4 31. dxc6 Qxd1+ 32. Rxd1 Rxd1+ 33. Kc2 Re1
34. Qxe1 Bxe1 35. c7 Rf8 36. cxb8=Q+ Rxb8 37. Bxb8+ Kxb8 38. f4 Bg3 39. Be4
Bxf4 40. Bxg6 Kc7 41. Kd3 Kd6 42. h4 e5 43. h5 Kc5 44. Kc3 Kd6 45. Be4 Be3 46.
b4 a5 47. Kb3 axb4 48. Kxb4 Kc7 49. Kb5 Bf4 50. a3 Be3 51. a4 Bf4 52. Bd3 Be3
53. Bf5 Kb7 54. Be4+ Kc7 55. Bd5 Bg5 56. Be4 Bf4 57. Kb4 Kd6 58. Bd5 Bd2+ 59.
Kb3 Kc5 60. Kc2 Be3 61. Kd3 Bf4 62. Bf7 Kb4 63. Be8 Kc5 64. Bb5 Kd6 65. Ke4
1/2-1/2

[Event "Scarborough CC-ch"]
[Site "Toronto CAN"]
[Date "2019.05.16"]
[Round "7.7"]
[White "Ning, Eric"]
[Black "Gao, Raymond"]
[Result "0-1"]
[WhiteElo "2162"]
[BlackElo "1833"]
[PlyCount "120"]
[EventDate "2019.04.04"]
[EventType "swiss"]
[EventRounds "8"]
[EventCountry "CAN"]

1. d4 Nf6 2. g3 g6 3. Bg2 Bg7 4. Nf3 O-O 5. c4 c5 6. d5 b5 7. cxb5 a6 8. bxa6
d6 9. Nc3 Bxa6 10. O-O Nfd7 11. Re1 Qa5 12. Bd2 Nb6 13. Qc2 Nc4 14. Ne4 Nxd2
15. Nfxd2 Nd7 16. Nc3 Rfb8 17. Rab1 Ra7 18. Nb3 Qb6 19. e3 Ne5 20. Red1 Qb4 21.
Nc1 Rab7 22. a3 Qa5 23. Qa4 Qxa4 24. Nxa4 Nc4 25. Nd3 Nxa3 26. Ra1 Bxd3 27.
Rxd3 Nc4 28. Bf1 Nxb2 29. Nxb2 Bxb2 30. Ra4 Rb4 31. Rxb4 Rxb4 32. Rd2 c4 33.
Rc2 c3 34. Bd3 Kg7 35. f4 Kf8 36. Kf2 Ke8 37. g4 Kd7 38. h4 Kc7 39. h5 Kb6 40.
e4 Kc5 41. Ke3 Ra4 42. hxg6 hxg6 43. f5 gxf5 44. gxf5 Ra1 45. f6 exf6 46. Rf2
Bc1+ 47. Ke2 Kd4 48. Rf3 Ra2+ 49. Kd1 Bg5 50. Bc2 Ra1+ 51. Ke2 Rc1 52. Rd3+ Kc4
53. Ba4 c2 54. Bb3+ Kb4 55. Bxc2 Rxc2+ 56. Kf3 Rc3 57. Rxc3 Kxc3 58. Kg4 Kd3
59. Kf5 Kd4 60. e5 fxe5 0-1

[Event "Scarborough CC-ch"]
[Site "Toronto CAN"]
[Date "2019.05.16"]
[Round "7.8"]
[White "Zheng, Kevin"]
[Black "Liu, Harry"]
[Result "1-0"]
[WhiteElo "1908"]
[BlackElo "1721"]
[PlyCount "57"]
[EventDate "2019.04.04"]
[EventType "swiss"]
[EventRounds "8"]
[EventCountry "CAN"]

1. d4 Nf6 2. c4 e6 3. Nf3 Bb4+ 4. Nbd2 b6 5. a3 Be7 6. e4 d5 7. cxd5 exd5 8. e5
Ne4 9. Bd3 Bb7 10. Qc2 Nxd2 11. Bxd2 c5 12. Bxh7 Nd7 13. Qf5 Nf8 14. e6 fxe6
15. Bg6+ Kd7 16. Ne5+ Kc8 17. Qg4 Rh4 18. Qg3 Nxg6 19. Qxg6 Re4+ 20. Be3 Bf6
21. O-O cxd4 22. Rac1+ Kb8 23. Nf7 Qd7 24. Bg5 Bxg5 25. Qxg5 a6 26. Qg3+ Ka7
27. Rc7 Qa4 28. Nd6 Rb8 29. Qxg7 1-0

[Event "Scarborough CC-ch"]
[Site "Toronto CAN"]
[Date "2019.05.16"]
[Round "7.9"]
[White "Tavana, Joseph"]
[Black "Uthayakumar, Ronan"]
[Result "0-1"]
[WhiteElo "1814"]
[BlackElo "1731"]
[PlyCount "92"]
[EventDate "2019.04.04"]
[EventType "swiss"]
[EventRounds "8"]
[EventCountry "CAN"]

1. Nf3 d5 2. g3 e6 3. Bg2 Nf6 4. O-O Be7 5. c4 O-O 6. cxd5 exd5 7. d3 Nc6 8. b3
Re8 9. Bb2 Bg4 10. h3 Bh5 11. Re1 Qd7 12. a3 Rad8 13. Nbd2 Qc8 14. b4 a6 15.
Rc1 Bd6 16. g4 Bg6 17. Nh4 Be5 18. Qc2 Bxb2 19. Qxb2 Qe6 20. Nxg6 hxg6 21. Nb3
Ne5 22. Rxc7 Nxd3 23. Nc5 Nxb2 24. Nxe6 Rxe6 25. Rxb7 Nc4 26. a4 Nb2 27. a5 d4
28. Kf1 Rde8 29. Rb6 d3 30. Rxe6 Rxe6 31. exd3 Rxe1+ 32. Kxe1 Nxd3+ 33. Kd2
Nxb4 34. Kc3 Nbd5+ 35. Kd4 Nc7 36. Kc5 Nfe8 37. Kb6 f5 38. Bc6 Kf7 39. Bxe8+
Nxe8 40. Kxa6 Nd6 41. Kb6 Nc4+ 42. Kb5 Nxa5 43. Kxa5 fxg4 44. hxg4 Kf6 45. f4
g5 46. f5 Ke5 0-1

[Event "Scarborough CC-ch"]
[Site "Toronto CAN"]
[Date "2019.05.23"]
[Round "8.1"]
[White "Issani, Nameer"]
[Black "La Manna, Andrea"]
[Result "0-1"]
[WhiteElo "2262"]
[BlackElo "2312"]
[PlyCount "84"]
[EventDate "2019.04.04"]
[EventType "swiss"]
[EventRounds "8"]
[EventCountry "CAN"]

1. d4 d6 2. c4 Nf6 3. Nc3 g6 4. e4 Bg7 5. Nf3 O-O 6. Be2 e5 7. dxe5 dxe5 8.
Qxd8 Rxd8 9. Bg5 Re8 10. O-O-O h6 11. Bh4 Na6 12. Ne1 Nc5 13. f3 c6 14. Bf2 Bf8
15. b4 Ne6 16. Nc2 a5 17. a3 axb4 18. axb4 Nc7 19. Kb2 Be6 20. Ra1 Nd7 21. c5
f5 22. h4 f4 23. g3 fxg3 24. Bxg3 Bf7 25. Bf2 Nf6 26. Ne3 Ne6 27. Nc4 Nd4 28.
Bxd4 exd4 29. Na4 Nd5 30. Ncb6 Nxb4 31. Nxa8 Rxa8 32. e5 d3 33. Kc3 Na2+ 34.
Rxa2 Bxa2 35. Nb6 Ra3+ 36. Kb2 Bxc5 37. Nd7 dxe2 38. Nxc5 Rxf3 39. Re1 Bc4 40.
Kc2 Rf1 41. Kd2 Rxe1 42. Kxe1 b5 0-1

[Event "Scarborough CC-ch"]
[Site "Toronto CAN"]
[Date "2019.05.23"]
[Round "8.3"]
[White "Xu, Jeffrey"]
[Black "Noor Ali, Aahil"]
[Result "1-0"]
[WhiteElo "2268"]
[BlackElo "2019"]
[PlyCount "99"]
[EventDate "2019.04.04"]
[EventType "swiss"]
[EventRounds "8"]
[EventCountry "CAN"]

1. e4 e5 2. Be2 Nf6 3. d3 Nc6 4. Nf3 h6 5. c3 d5 6. Nbd2 dxe4 7. dxe4 Be6 8. b4
Bd6 9. O-O O-O 10. Qc2 Ne7 11. Rd1 Ng6 12. Nc4 Bxc4 13. Bxc4 Qc8 14. h3 Nh5 15.
Be3 Nhf4 16. Bf1 Qe6 17. Qb3 a6 18. c4 Rad8 19. b5 axb5 20. Qxb5 b6 21. a4 Ra8
22. a5 bxa5 23. Rxa5 Rab8 24. Qa4 Rb4 25. Qc6 Ne7 26. Qa6 Nc8 27. Rb5 c5 28.
Rxb4 cxb4 29. c5 Bb8 30. Qb7 Ne7 31. Qxb4 Nc6 32. Qb5 Bc7 33. Qb7 Bb8 34. Bb5
Na5 35. Qb6 Qb3 36. Rd8 Rxd8 37. Qxd8+ Kh7 38. Qxa5 Qd1+ 39. Qe1 Nxh3+ 40. Kh2
Qxe1 41. Nxe1 Ng5 42. f3 Ne6 43. c6 Nc7 44. Bc4 Kg8 45. Nd3 Ne8 46. Bb6 Nd6 47.
Bd5 Nb5 48. Nc5 Bc7 49. Bxc7 Nxc7 50. Nd7 1-0

[Event "Scarborough CC-ch"]
[Site "Toronto CAN"]
[Date "2019.05.23"]
[Round "8.4"]
[White "Lawless, David"]
[Black "Mao, Fengxi"]
[Result "0-1"]
[WhiteElo "1997"]
[BlackElo "2098"]
[PlyCount "50"]
[EventDate "2019.04.04"]
[EventType "swiss"]
[EventRounds "8"]
[EventCountry "CAN"]

1. e4 e6 2. b3 d5 3. exd5 exd5 4. Bb2 Nf6 5. Nf3 Bd6 6. Be2 O-O 7. h3 Re8 8.
O-O Nh5 9. Re1 Nf4 10. Bf1 Rxe1 11. Qxe1 Nc6 12. a3 Bf5 13. Qd1 Qd7 14. d3 Re8
15. Nbd2 Re6 16. Nh4 Bxh3 17. gxh3 Rh6 18. Qf3 Rxh4 19. Re1 Nxh3+ 20. Bxh3 Rxh3
21. Qg2 Bf8 22. Nf3 Rh6 23. Ne5 Nxe5 24. Bxe5 Rg6 25. Bg3 Bxa3 0-1

[Event "Scarborough CC-ch"]
[Site "Toronto CAN"]
[Date "2019.05.23"]
[Round "8.5"]
[White "Gao, Raymond"]
[Black "Hay, Jonathan"]
[Result "1/2-1/2"]
[WhiteElo "1833"]
[BlackElo "2051"]
[PlyCount "63"]
[EventDate "2019.04.04"]
[EventType "swiss"]
[EventRounds "8"]
[EventCountry "CAN"]

1. e4 c6 2. Nf3 d5 3. exd5 cxd5 4. Ne5 Nc6 5. Bb5 Bd7 6. Nxd7 Qxd7 7. d4 e6 8.
O-O Bd6 9. c3 Nf6 10. Nd2 O-O 11. Re1 a6 12. Bd3 b5 13. Nf3 Rfc8 14. Bg5 Ne8
15. Ne5 Nxe5 16. dxe5 Be7 17. Bxe7 Qxe7 18. Re3 g6 19. Qd2 Qg5 20. a4 Rab8 21.
axb5 axb5 22. h4 Qf4 23. h5 b4 24. hxg6 hxg6 25. Qe1 bxc3 26. bxc3 Ra8 27. Rxa8
Rxa8 28. Rf3 Qg5 29. c4 Rc8 30. Rg3 Qf4 31. Rf3 Qg5 32. Rg3 1/2-1/2

[Event "Scarborough CC-ch"]
[Site "Toronto CAN"]
[Date "2019.05.23"]
[Round "8.6"]
[White "Huang, Youhe"]
[Black "Zheng, Kevin"]
[Result "0-1"]
[WhiteElo "1982"]
[BlackElo "1908"]
[PlyCount "86"]
[EventDate "2019.04.04"]
[EventType "swiss"]
[EventRounds "8"]
[EventCountry "CAN"]

1. d4 Nf6 2. Bf4 g6 3. Nc3 d5 4. e3 Bg7 5. Bd3 O-O 6. Nf3 c5 7. Qd2 Nc6 8.
O-O-O Nh5 9. Bg5 Be6 10. dxc5 Qa5 11. Nd4 Nxd4 12. exd4 Bxd4 13. Bxe7 Rfe8 14.
Bd6 Bxc5 15. Be5 d4 16. Nb1 Qxa2 17. Be2 Bg4 18. Bxg4 Rxe5 19. f4 Rd5 20. Bf3
Rf5 21. Rhf1 Bd6 22. Bxh5 Rxh5 23. Qxd4 Bf8 24. h3 Rb5 25. f5 Bh6+ 26. Rd2 Rd5
27. Qh4 Bxd2+ 28. Nxd2 Rad8 29. fxg6 hxg6 30. Nb3 Qa6 31. Re1 Kg7 32. Qe7 Qd6
33. Qe2 a5 34. c4 Rd3 35. Nxa5 Qb4 36. Qe5+ Kg8 37. Rf1 Qd2+ 38. Kb1 Qxg2 39.
Rf4 Qxh3 40. Nxb7 Qh1+ 41. Ka2 Qxb7 42. Rh4 Qb3+ 43. Kb1 Rd1# 0-1

[Event "Scarborough CC-ch"]
[Site "Toronto CAN"]
[Date "2019.05.23"]
[Round "8.7"]
[White "Gilani, Mysha"]
[Black "Uthayakumar, Ronan"]
[Result "1-0"]
[WhiteElo "1763"]
[BlackElo "1731"]
[PlyCount "103"]
[EventDate "2019.04.04"]
[EventType "swiss"]
[EventRounds "8"]
[EventCountry "CAN"]

1. d4 d5 2. c4 e6 3. Nc3 dxc4 4. e4 c6 5. Bxc4 Nf6 6. Nf3 b5 7. Bd3 b4 8. Ne2
Be7 9. Bf4 Ba6 10. Bxa6 Nxa6 11. Ne5 Qb6 12. f3 O-O 13. Bg5 Rfd8 14. Qc1 Rac8
15. Ng4 c5 16. Bxf6 Bxf6 17. Nxf6+ gxf6 18. Qh6 cxd4 19. Ng3 Nc7 20. Qxf6 d3
21. Qg5+ Kf8 22. Rd1 Ne8 23. Qh6+ Ke7 24. Qh4+ Nf6 25. Qg5 Rc2 26. Rd2 Rc1+ 27.
Rd1 d2+ 28. Ke2 Qa6+ 29. Kf2 Qb6+ 30. Qe3 Qxe3+ 31. Kxe3 Rc2 32. Ne2 Rxb2 33.
Nd4 Rc8 34. Rxd2 Rc3+ 35. Ke2 Rxd2+ 36. Kxd2 Ra3 37. Nc6+ Kd7 38. Nxb4 a5 39.
Nc2 Rxa2 40. Kc1 Kc6 41. Rd1 Kc5 42. Rd8 Kc4 43. Kb1 Ra4 44. Kb2 Nh5 45. Rd4+
Kb5 46. Na3+ Rxa3 47. Kxa3 Nf4 48. g3 Ng6 49. f4 e5 50. Rd5+ Kc4 51. fxe5 Ne7
52. Rd7 1-0

[Event "Scarborough CC-ch"]
[Site "Toronto CAN"]
[Date "2019.05.23"]
[Round "8.8"]
[White "Liu, Harry"]
[Black "Jacobs, Michael"]
[Result "1/2-1/2"]
[WhiteElo "1721"]
[BlackElo "1842"]
[PlyCount "141"]
[EventDate "2019.04.04"]
[EventType "swiss"]
[EventRounds "8"]
[EventCountry "CAN"]

1. d4 d5 2. Bf4 Nf6 3. e3 Bf5 4. c4 c6 5. Nc3 e6 6. Qb3 Qb6 7. c5 Qxb3 8. axb3
Nbd7 9. b4 Nh5 10. b5 Nxf4 11. exf4 f6 12. b4 e5 13. fxe5 fxe5 14. Nf3 g6 15.
bxc6 bxc6 16. dxe5 Bg7 17. O-O-O O-O 18. Ne2 Rab8 19. Ned4 Rxb4 20. Nxf5 gxf5
21. Rd4 Rb7 22. Ba6 Rbb8 23. Re1 Nxc5 24. Bd3 Nb3+ 25. Kc2 Nxd4+ 26. Nxd4 c5
27. Nc6 Rb7 28. f4 c4 29. Be2 Rc8 30. Bf3 Kf8 31. Bxd5 Rbc7 32. Nd4 Rd7 33. Be6
Rxd4 34. Bxc8 Rxf4 35. Re2 Re4 36. Rxe4 fxe4 37. Bf5 e3 38. Be6 Bxe5 39. h3 c3
40. Kd3 Bf4 41. Bg4 Ke7 42. Kxc3 Kd6 43. Kd3 Kc5 44. Bd1 Kb4 45. g3 Bxg3 46.
Kxe3 h6 47. Bh5 Bh4 48. Be8 Bg5+ 49. Ke4 a5 50. Kf3 a4 51. Bxa4 Kxa4 52. Kg4
Kb5 53. h4 Bc1 54. Kh3 Kc5 55. Kh2 Kd5 56. h5 Ke5 57. Kg2 Kf5 58. Kh3 Kg5 59.
Kh2 Kxh5 60. Kg1 Kg4 61. Kh2 h5 62. Kg2 h4 63. Kh2 Bd2 64. Kg2 Be1 65. Kh2 Kf3
66. Kg1 Ke2 67. Kg2 Bf2 68. Kh2 Kf1 69. Kh1 Be3 70. Kh2 Bg5 71. Kh1 1/2-1/2

[Event "Scarborough CC-ch"]
[Site "Toronto CAN"]
[Date "2019.05.23"]
[Round "8.9"]
[White "Manalo, Pepin"]
[Black "Leblanc, Miguel"]
[Result "1-0"]
[WhiteElo "1995"]
[BlackElo "1931"]
[PlyCount "59"]
[EventDate "2019.04.04"]
[EventType "swiss"]
[EventRounds "8"]
[EventCountry "CAN"]

1. e4 c5 2. Nf3 d6 3. d4 cxd4 4. Nxd4 Nf6 5. Nc3 a6 6. Be2 e5 7. Nb3 Be6 8. Bg5
h6 9. Bh4 Be7 10. Bg3 Nc6 11. Qd2 O-O 12. O-O-O a5 13. a4 Bxb3 14. cxb3 Nd4 15.
Bc4 Rc8 16. Kb1 Qb6 17. Ka2 Qb4 18. f4 Rfd8 19. Rhe1 Qc5 20. Bf2 Ng4 21. Bg1 h5
22. h3 Nh6 23. Rf1 Bf6 24. Nd5 Qa7 25. Nxf6+ gxf6 26. fxe5 dxe5 27. Qxh6 Rxc4
28. bxc4 Qc5 29. b3 b5 30. Qxf6 1-0

[Event "Scarborough CC-ch U1800"]
[Site "Toronto CAN"]
[Date "2019.04.04"]
[Round "1"]
[White "Armstrong, Robert J"]
[Black "Li, Paco"]
[Result "1/2-1/2"]
[WhiteElo "1463"]
[BlackElo "1205"]
[PlyCount "101"]
[EventDate "2019.04.04"]
[EventType "swiss"]
[EventRounds "8"]
[EventCountry "CAN"]

1. d4 d6 2. c4 Nf6 3. Nc3 Nbd7 4. e4 e5 5. d5 Be7 6. f3 c6 7. Nge2 O-O 8. g4
Kh8 9. Ng3 Ng8 10. h4 Bxh4 11. Nce2 h6 12. Be3 g5 13. Qd2 f6 14. O-O-O Bxg3 15.
Nxg3 Nb6 16. Bd3 Qc7 17. Rh3 cxd5 18. exd5 Nxd5 19. Bxg5 fxg5 20. Qxg5 Qg7 21.
Qxg7+ Kxg7 22. cxd5 Bd7 23. Rdh1 Rac8+ 24. Kd2 Rc5 25. Ke3 Ra5 26. a3 Ra4 27.
Bf5 Be8 28. Be6 Bf7 29. Nf5+ Kf6 30. Nxh6 Bxe6 31. dxe6 Kxe6 32. Nxg8 Rxg8 33.
Rh6+ Kd5 34. Rd1+ Rd4 35. Rxd4+ exd4+ 36. Kd3 Rf8 37. Rh5+ Ke6 38. Rf5 Rxf5 39.
gxf5+ Kxf5 40. Kxd4 Ke6 41. a4 a6 42. b4 b6 43. a5 bxa5 44. bxa5 Kd7 45. Kd5
Ke7 46. f4 Kd7 47. f5 Ke7 48. f6+ Kxf6 49. Kxd6 Kf7 50. Kd7 Kf8 51. Kc7 1/2-1/2

[Event "Scarborough CC-ch U1800"]
[Site "Toronto CAN"]
[Date "2019.04.04"]
[Round "1"]
[White "Lai, Jeff"]
[Black "Chen, Aaron"]
[Result "1/2-1/2"]
[WhiteElo "1261"]
[BlackElo "1672"]
[PlyCount "69"]
[EventDate "2019.04.04"]
[EventType "swiss"]
[EventRounds "8"]
[EventCountry "CAN"]

1. e4 c5 2. c3 d5 3. exd5 Nf6 4. d4 Qxd5 5. Nf3 Bg4 6. Be2 Nc6 7. O-O e6 8. Be3
O-O-O 9. Nbd2 Bd6 10. h3 h5 11. Ng5 Bxe2 12. Qxe2 cxd4 13. cxd4 Nxd4 14. Qc4+
Qxc4 15. Nxc4 Ne2+ 16. Kh1 Rhf8 17. Rfe1 Ng3+ 18. fxg3 Bxg3 19. Rec1 Kb8 20.
Rd1 Nd5 21. Bc5 Rg8 22. Nxf7 Rc8 23. Bd6+ Bxd6 24. Nfxd6 Rc6 25. Nxb7 Rxc4 26.
Na5 Rc2 27. Rab1 Ne3 28. Rg1 Rf8 29. Nb3 Rff2 30. Nd4 Rcd2 31. Nxe6 Nxg2 32.
Rbd1 Nh4 33. Rxd2 Rxd2 34. Rf1 Rxb2 35. Nxg7 1/2-1/2